00986nam a2200229 a 4500001001000000003000400010005001700014008004100031040002500072049000900097082001600106110015900122245006400281260006400345300002800409504002800437700004800465942001400513952010300527952010900630999001700739000026904OSt20201202104057.0110328s1987 dr a 000 0 spa d aDO-SdBNPbspacBNPHU aBNPD axxxxbR426a1 aSecretaria de Estado de Agricultura.bSub-Secretaria de Recursos Naturales.bDepartamento de Vida Silvestre.bDepartamento de Educación Ambiental95401210aAnimales protegidos /cprólogo Juan Pablo Pujals Nolasco. aSanto Domingo :bSecretaria de Estado de Agriculturac1987. a108 p. :bil. ;c21 cm. aBibliografía : p. 1111 aPujals Nolasco, Juan Pablo,epról.936977 2ddccLBS1 00102ddc718PDaBNPHUbPDcHDd2011-03-28iLF1l0oR426ap26904-10r2020-06-25w2020-06-25yLFPD 00102ddc718PDaBNPHUbPDcHDd2014-12-09iLF1l0oR426ap26904-20r2020-06-25te. 2w2020-06-25yLFPD c26396d26396